Major voice in new literatures in English / (Record no. 103664)

MARC details
000 -LEADER
fixed length control field 00579nam a22001937a 4500
005 - DATE AND TIME OF LATEST TRANSACTION
control field 20160926173236.0
010 ## - LCCN (DPL NO)
LC control number ENG-116106
020 ## - INTERNATIONAL STANDARD BOOK NUMBER
International Standard Book Number 9788126819659
Terms of availability 795.00
035 ## - SYSTEM CONTROL NUMBER
System control number EN-99638
037 ## - SOURCE OF ACQUISITION
Source of stock number/acquisition DBAD/PUB
082 ## - DEWEY DECIMAL CLASSIFICATION NUMBER
Classification number 880.8
245 ## - TITLE STATEMENT
Title Major voice in new literatures in English /
Statement of responsibility, etc edited by Bishun Kumar [and] Neha Arora
260 ## - PUBLICATION, DISTRIBUTION, ETC. (IMPRINT)
Place of publication, distribution, etc New Delhi
Name of publisher, distributor, etc Atlantic
Date of publication, distribution, etc 2015
270 ## - ADDRESS
Address 7/22,Ansari Road,Daryaganj
City New Delhi
Postal code 110002
300 ## - PHYSICAL DESCRIPTION
Extent xI,272p.
Dimensions 22cm(Hb)
700 ## - ADDED ENTRY--PERSONAL NAME
Personal name Bishun Kumar
700 ## - ADDED ENTRY--PERSONAL NAME
Personal name Arora, Neha
942 ## - ADDED ENTRY ELEMENTS (KOHA)
Source of classification or shelving scheme Dewey Decimal Classification
Item type English Books
Classification part 880.8
Call number suffix MAJ
Holdings
Withdrawn status Lost status Not for loan Collection code Home library Current library Date acquired Source of acquisition Cost, normal purchase price Full call number Barcode Copy number Cost, replacement price Koha item type
    Not For Loan Non-fiction D.B.Act.Division Bawana 26/09/2016 DBAD/PUB 795.00 880.8 MAJ EN-99638 1 795.00 English Books

© Delhi Public Library
Hit Counter
free hit counter